00848nam a2200265Ia 4500008004100000050001400041100002100055245003700076245007900113260002500192260003300217260000900250300001600259300002000275300001000295650002500305650002300330650001800353700002500371700002200396700002000418700001100438999001900449952011400468181129s9999 xx 000 0 und d bG783 1956 aGray, William S. 0aNew more friends and neighbors / 0cby William S. Gray, Marion Monroe, A. Sterl Artley and May Hill Arbuthnot. aGlenview, Illinois : bScott, Foresman and Company, c1956 a240 pages : billustrations ; c20cm. aReaders (Primary) -- aReaders (Primary). x20th century. aArbuthnot, May Hill. aArtley, A. Sterl. aMonroe, Marion. aTitle. c359510d359510 001040aSSISMbSSISMcSSISMd2018-11-29l0oGS FIC G783 1956pSSISM5605r2018-11-29 00:00:00w2018-11-29yBK